00751nam a22002057a 4500003001100000005001700011008004100028020001500069040003900084041000800123082001500131100001600146130009500162245006500257260003900322300004200361490006200403650002700465650005300492LK-CoMWRAF20231213112437.0231213b2001 |||||||| |||| 00| 0 eng d a9555820856 aLK-CoMWRAFdLK-CoMWRAFeLK-CoMWRAF aeng a305.8bSUM aSumathy, S. aA history of ethnic conflict in Sri Lanka: recollection, reinterpretation & reconciliation aMilitants, militarism, and the crisis of (Tamil) nationalism aColombo: bMarga Institute, c2001 a35 p. ; 23 cm bBibliography included aMarga monograph series on ethnic reconciliation v no. 22 aNationalism- Sri Lanka aTamil (Indic people)- Sri Lanka- Ethnic identity